00430cam a2200169u 4500001001300000003000400013005001700017008004100034010001700075040001900092050001600111100004100127245004300168260001800211300001400229999001700243tmp82065739 DLC20260227112752.0891002s1897 xx 000 0 eng  atmp82065739  aDLCcCarPdDLC00aTJ900b.W421 aWeisbach, Julius Ludwig,d1806-1871.14aThe mechanics of pumping machinery ... a[n.p.]c1897. a1 v.ccm. c91002d91002